| 000 | 00635nam a2200157 i 4500 | ||
|---|---|---|---|
| 001 | 156397 | ||
| 003 | ES-MaACL | ||
| 005 | 20230906210411.0 | ||
| 008 | 040729s1881 fr |||| | fre d | ||
| 040 |
_aCAM _bspa _cCAM |
||
| 100 | 1 |
_aJoly, Jean-Louis-Simon. _9128337 |
|
| 245 | 1 | 0 |
_aDe la phthisie pulmonaire et de sa curabilité / _cpar Jean-Louis-Simon Joly. |
| 260 |
_aParis : _bLibrairie J.-B. Baillière et Fils, _c1881 ( _fTyp. Pillet et Dumoulin) |
||
| 300 |
_a96 p. ; _c23 cm. |
||
| 852 |
_aES-MaACL _jT-686-F-7 _z-- Enc. hol., conservando la cub. original _z-- Ex-libris ms. de Gustavo Saenz Diez _z-- Enc. en un vol. facticio |
||
| 999 |
_c156397 _d156397 |
||